[Event "Deggendorf op 2nd"]
[Site "Deggendorf"]
[Date "2008.05.16"]
[Round "1"]
[White "Ertl, Helmut"]
[Black "Mancic, Ivan"]
[Result "0-1"]
[WhiteElo "1444"]
[BlackElo "1835"]
[PlyCount "58"]
[EventDate "2008.05.16"]
[EventType "swiss"]
[EventRounds "5"]
[EventCountry "GER"]
[SourceTitle "CBM 124 Extra"]
[Source "ChessBase"]
[SourceDate "2008.07.03"]
[SourceVersion "1"]
[SourceVersionDate "2008.07.03"]
[SourceQuality "1"]

1. e4 c5 2. Nf3 g6 3. d4 cxd4 4. Nxd4 Bg7 5. Be2 Nc6 6. c3 Nf6 7. Nxc6 bxc6 8. Nd2 0-0 9. 0-0 Qc7 10. Kh1 d5 11. exd5 cxd5 12. Nf3 e5 13. g3 Bb7 14. Kg1 h6 15. Be3 Ng4 16. Qd2 f5 17. Nh4 g5 18. Bxg5 hxg5 19. Qxg5 Qd8 20. Qxd8 Raxd8 21. Nxf5 Nxh2 22. Nxg7 Nf3+ 23. Bxf3 Rxf3 24. Ne6 Rd6 25. Nc5 Bc6 26. a4 Rh6 27. Rfe1 d4 28. cxd4 Rf4 29. Kf1 Bf3 0-1

[Event "Oberhausen op"]
[Site "Oberhausen"]
[Date "2007.04.06"]
[Round "2"]
[White "Peters, Alex"]
[Black "Mancic, Ivan"]
[Result "1/2-1/2"]
[WhiteElo "2225"]
[BlackElo "1968"]
[PlyCount "64"]
[EventDate "2007.04.05"]
[EventType "swiss"]
[EventRounds "7"]
[EventCountry "GER"]
[SourceTitle "CBM 117 Extra"]
[Source "ChessBase"]
[SourceDate "2007.05.09"]
[SourceVersion "1"]
[SourceVersionDate "2007.05.09"]
[SourceQuality "1"]

1. b3 Nf6 2. Bb2 e6 3. e3 b6 4. Be2 Bb7 5. Bf3 d5 6. Ne2 Be7 7. 0-0 0-0 8. d4 Nbd7 9. Nd2 c5 10. c4 Qc7 11. Nc3 dxc4 12. Nxc4 a6 13. Rc1 Rfd8 14. Qe2 Rac8 15. Rfd1 b5 16. Ne5 Nxe5 17. dxe5 Bxf3 18. Qxf3 Qxe5 19. Nd5 Qxb2 20. Nxe7+ Kf8 21. Nxc8 Rxc8 22. Qb7 Re8 23. Qxa6 Ne4 24. Rf1 Nd2 25. Qd6+ Kg8 26. Qc6 Rd8 27. Rfd1 Qxa2 28. Qxc5 h6 29. Qxb5 Kh7 30. Qa4 Qb2 31. g3 f5 32. Rb1 Qc2 1/2-1/2

[Event "Duisburg Grossenbaum op"]
[Site "Duisburg"]
[Date "2006.07.02"]
[Round "6"]
[White "Mancic, Ivan"]
[Black "Strater, Heinz"]
[Result "0-1"]
[WhiteElo "1741"]
[BlackElo "2133"]
[PlyCount "64"]
[EventDate "2006.06.02"]
[EventType "swiss"]
[EventRounds "7"]
[EventCountry "GER"]
[SourceTitle "EXT 2007"]
[Source "ChessBase"]
[SourceDate "2006.11.23"]
[SourceVersion "1"]
[SourceVersionDate "2006.11.23"]
[SourceQuality "1"]

1. e4 e6 2. f4 d5 3. e5 c5 4. Nf3 Nc6 5. c3 Nh6 6. Na3 Nf5 7. Nc2 d4 8. Bd3 Be7 9. Bxf5 exf5 10. cxd4 cxd4 11. b3 0-0 12. d3 Bh4+ 13. g3 Be7 14. Bb2 b6 15. Nfxd4 Nxd4 16. Bxd4 Bb7 17. Rg1 Rc8 18. Be3 Rc3 19. Nd4 Bc5 20. Nxf5 Rxd3 21. Bxc5 bxc5 22. Qg4 Qa5+ 23. Kf1 Rf3+ 24. Ke2 Qb5+ 25. Ke1 Qb4+ 26. Ke2 Qe4+ 27. Kd2 Rd8+ 28. Kc1 g6 29. Nd6 Qe3+ 30. Kb2 Qc3+ 31. Ka3 Qb4+ 32. Kb2 Rf2+ 0-1

[Event "Duisburg Grossenbaum op"]
[Site "Duisburg"]
[Date "2006.06.11"]
[Round "7"]
[White "Mancic, Ivan"]
[Black "Schwarz, Ingo"]
[Result "0-1"]
[WhiteElo "1741"]
[BlackElo "2004"]
[PlyCount "42"]
[EventDate "2006.06.02"]
[EventType "swiss"]
[EventRounds "7"]
[EventCountry "GER"]
[SourceTitle "EXT 2007"]
[Source "ChessBase"]
[SourceDate "2006.11.23"]
[SourceVersion "1"]
[SourceVersionDate "2006.11.23"]
[SourceQuality "1"]

1. e4 g6 2. d4 Bg7 3. f4 d6 4. Nf3 c5 5. Nc3 cxd4 6. Nxd4 Nc6 7. Be3 Nf6 8. Be2 0-0 9. Qd2 Nxd4 10. Bxd4 e5 11. Be3 exf4 12. Bxf4 Re8 13. 0-0-0 Nxe4 14. Nxe4 Rxe4 15. Bf3 Qf6 16. c3 Rxf4 17. Rhe1 Be6 18. Qxd6 Rc8 19. Qa3 Rfc4 20. Kb1 Bf5+ 21. Ka1 Rxc3 0-1

[Event "Duisburg Grossenbaum op"]
[Site "Duisburg"]
[Date "2006.06.03"]
[Round "2"]
[White "Mancic, Ivan"]
[Black "Verkoyen, Sascha"]
[Result "1-0"]
[WhiteElo "1741"]
[BlackElo "1141"]
[PlyCount "78"]
[EventDate "2006.06.02"]
[EventType "swiss"]
[EventRounds "7"]
[EventCountry "GER"]
[SourceTitle "EXT 2007"]
[Source "ChessBase"]
[SourceDate "2006.11.23"]
[SourceVersion "1"]
[SourceVersionDate "2006.11.23"]
[SourceQuality "1"]

1. e4 e5 2. Nc3 Nf6 3. f4 d6 4. Nf3 Nc6 5. Bc4 Be7 6. 0-0 0-0 7. d3 Be6 8. Nd5 Na5 9. Nxe7+ Qxe7 10. Bxe6 fxe6 11. fxe5 dxe5 12. Qe1 Nc6 13. Qc3 Nd7 14. Be3 Qb4 15. Bd2 Qb6+ 16. Kh1 h6 17. b3 Rf7 18. Qc4 Re8 19. a4 Nf6 20. a5 Qa6 21. Qc3 b5 22. Nxe5 Nxe5 23. Qxe5 Qc6 24. Qb2 e5 25. Rf5 Qd6 26. Bc3 Rfe7 27. b4 c6 28. Raf1 Ng4 29. R5f3 Nf6 30. h3 Rf8 31. Rf5 Rfe8 32. Be1 Rf7 33. Bf2 a6 34. Bc5 Qe6 35. Qc1 Qd7 36. Qe3 Nd5 37. Rxf7 Nxe3 38. Rxd7 Nxf1 39. Ra7 Rf8 1-0